La reforma educacional en marcha: buena educación para todos

Guardat en:
Dades bibliogràfiques
Autor corporatiu: Ministerio de Educación (Autor)
Format: Llibre
Idioma:espanyol
Publicat: Santiago Ministerio de Educación 1999
Matèries:
Etiquetes: Afegir etiqueta
Sense etiquetes, Sigues el primer a etiquetar aquest registre!

MARC

LEADER 00000nam a2200000 a 4500
001 UCO5702
003 CL-VaPUC
008 000915e19990000CL |||||||||||||||||spa|d
082 0 4 |a 370.11  |b MIN  |2 21 
110 |a Ministerio de Educación  |e author  |9 455734 
245 1 3 |a La reforma educacional en marcha: buena educación para todos 
300 |a 68 p 
942 |c BK 
945 |d 20000915 00:00:00  |a rbrito 
260 |a Santiago  |b Ministerio de Educación  |c 1999 
650 0 |a Reforma educacional   |9 256319 
650 0 |a Objetivos educativos  |9 306344 
650 7 |a DESENTRALIZACION DE LA EDUCACION  |2 CL-VaPUC  |9 419925 
650 0 |a Sociología de la educación   |9 260380 
583 |a last modification  |c 20000915 00:00:00  |k Rodrigo Vera 
999 |c 291541  |d 291539 
952 |0 0  |1 0  |4 0  |6 370_110000000000000_MIN_1999  |7 0  |8 A  |9 341441  |a BIBEDU  |b BIBEDU  |d 2019-11-20  |i 3580253  |o 370.11 MIN 1999  |p 3580253  |r 2019-11-20  |w 2019-11-20  |y BK  |k EPE